00275nam a2200133Ia 4500100003700000650000800037366000700045654000800052245003700060260001600097082000800113300000800121546001200129 aMcEwen/Adrian/ Cassimally/Hakim  aIOT f20 aIOT aDesigning the internet of things bWileyc2014 bMCE a324 aENGLISH